000 00901cam a2200217 4500
001 ABS65893
008 020904n2002 000 0 eng u
035 _a(Sirsi) u119563
100 _aGummer, J.
245 _aBrown lays the money on the line
260 _c2002
490 _aEstates Gazette
_v(0235) 31 August 2002, 35(1)
520 _aDiscusses the extension of the Docklands Light Railway to City Airport. Argues that this is a very positive development that will open up rundown areas of east London for redevelopment and make City Airport more accessible for business passengers. Urges the government to go ahead with Crossrail which will bring a direct link from Paddington to Stratford.
590 _aABS
650 _aDLR EXTENSION
650 _aCROSSRAIL
650 _aEAST LONDON
650 _aTRANSPORT INFRASTRUCTURE
690 _aTRANSPORT AND COMMUNICATIONS
942 _n0
999 _c71086
_d71086